000
00261pab a2200109 454500
008
180718b xxu||||| |||| 00| 0 eng d
100
_a
Trikha, N.K.
245
_a
Press Control: only from within
650
_a
Mass Media
773
_a
Hindustan Times
909
_a
23484
999
_c
23484
_d
23484